000 006030000a22001810004500
003 MACL
005 20160527122213.0
008 160527b xxu||||| |||| 00| 0 eng d
040 _aMACL
_cMACL
041 _aHindi
082 _a891.433
100 _aनादान, मुकेश
_951519
245 _aबीरबल की श्रेष्‍ठ कहानियां
_cमुकेश नादान
260 _bवर्घमान पब्लिकेशन्‍स
_c2004
_aदिल्‍ली
350 _a99
650 _aStories
_960070
942 _cHIN
_k891.433/NAD/S
_2ddc
999 _c18885
_d18885